Ekonomické a environmentálne podmienky Slovenskej republiky a EÚ v čase priemyselnej revolúcie 4.0. v oblasti daňového systému diplomová práca

Na minha lista:
Detalhes bibliográficos
Autor principal: Lazorčiková, Dominika
Autor Corporativo: Fakulta podnikového manažmentu EU. Katedra podnikových financií
Outros Autores: Vavrová, Katarína, 1960-
Formato: Livro
Idioma:eslovaco
Publicado em: Bratislava 2019
Tags: Adicionar Tag
Sem tags, seja o primeiro a adicionar uma tag!

MARC

LEADER 00000nbm a2200000 4500
001 0255413
005 20191122083428.3
041 0 |a slo 
044 |a SK 
245 1 0 |a Ekonomické a environmentálne podmienky Slovenskej republiky a EÚ v čase priemyselnej revolúcie 4.0. v oblasti daňového systému  |b diplomová práca  |c Dominika Lazorčiková ; školiteľ: Katarína Vavrová 
264 1 |a Bratislava  |c 2019 
300 |a 69 s. 
100 1 |a Lazorčiková, Dominika 
700 1 |a Vavrová, Katarína, 1960- 
710 2 |a Fakulta podnikového manažmentu EU. Katedra podnikových financií